000 01772nam0a2200385 4500
001 RU\NLR\BIBL_A\011835667
005 20230119144837.0
010 _a978-5-7057-5344-4
_93000
021 _aRU
_bКН-П-18-071955
_9КН-П-18-5191
035 _a(NLR Aleph) 011835667
035 _a(RuMoRGB)009756355
090 _a12029182
_c12029182
100 _a20181022d2018 u y0rusy50 ca
101 0 _arus
102 _aRU
105 _ay|||jzzz000zy
200 1 _aМузыкальная осень
_eсценарии праздников, развлечений и досугов в детском саду
_e[пособие]
_fИздательство "Учитель"
_gсоставители: И. С. Батова, С. М. Петрова
210 _aВолгоград
_cУчитель
_d[2018]
215 _a106 с.
_d20
225 1 _aФГОС ДО
225 1 _aМетодический портфель ДОО
320 _aБиблиогр.: с. 104 (3 назв.)
606 1 _aДетские праздники
_jРуководства, пособия и т.п
_xДошкольные учреждения
_9957684
_3RU\NLR\AUTH\66357146
610 0 _aмузыкальное воспитание дошкольников
610 0 _aмузыкальные занятия с детьми
610 0 _aпраздники в детском саду
686 1 _aЧ411.36я7
686 1 _aЩ338.3(2)7-9-4
702 1 _aБатова
_bИ. С.
_gИрина Сергеевна
_4220
712 0 2 _4475
_a"Учитель", издательство
_cВолгоград
_9505853
_3RU\NLR\AUTH\8810004275
942 _cBOOK
980 _aNB